The Godfather Trilogy : [estuche y guarda] /
El registro contiene el estuche y la guarda de la edición en blu-ray del 50° aniversario de El padrino.
Gorde:
| Formatua: | |
|---|---|
| Hizkuntza: | ingelesa |
| Edizioa: | Edición especial de 50° aniversario |
| Gaiak: | |
| Etiketak: |
Etiketarik gabe, Izan zaitez lehena erregistro honi etiketa jartzen!
|
MARC
| LEADER | 00000ngm^a2200000^a^4500 | ||
|---|---|---|---|
| 001 | 000596658 | ||
| 005 | 20250526000000.0 | ||
| 009 | 20260310133111.162 | ||
| 037 | |a Acervo ITESO - Biblioteca | ||
| 041 | |a ING | ||
| 082 | |a 810. |b COP | ||
| 240 | 1 | 5 | |a [The Godfather Trilogy] |
| 245 | 0 | 4 | |a The Godfather Trilogy : |b [estuche y guarda] / |
| 250 | |a Edición especial de 50° aniversario | ||
| 264 | 2 | |a Los Angeles, EUA : |b Paramount Pictures [distribución], |c 2022, c2022 | |
| 300 | |a 1 estuche, 1 guarda ; |c 17.5 cm. | ||
| 336 | |a objeto |b xxx |2 rdacontenido | ||
| 337 | |a no especificado |b x |2 rdamedio | ||
| 338 | |a estuche |b nz |2 rdasoporte | ||
| 520 | |a El registro contiene el estuche y la guarda de la edición en blu-ray del 50° aniversario de El padrino. | ||
| 545 | 0 | |a Nacido en 1939, Francis Ford Coppola es quizás el cineasta norteamericano más reputado de su generación. Comenzó su trayectoria fílmica en la década de 1960, bajo el cobijo del director independiente Roger Corman. Surgido como un encargo de llevar al cine una novela de Mario Puzo sobre la mafia italiana, El padrino (1972) le ubicó como una figura reconocida por el gran público y consolidó las expectativas creadas por la crítica. Prosiguió la saga con El padrino II (1974), al tiempo que por su historia de espionaje La conversación (1974) recibió la Palma de Oro en el Festival de Cannes. Alcanzó por segunda vez este premio con Apocalipsis (1979), desoladora y fascinante visión de la Guerra de Vietnam, y culminó la saga de la familia Corleone con El Padrino III (1990). En el intervalo, La ley de la calle (1983) y Tucker: el hombre y su sueño (1987) reafirmaron su puesto en la primera línea del cine norteamericano, si bien ha desarrollado una filmografía irregular en las décadas posteriores. | |
| 649 | |a XX | ||
| 650 | |a Cine Norteamericano | ||
| 910 | |a Fondo General | ||
| 920 | |a Volumétricos - Objetos | ||
| 940 | |a Películas | ||
| 905 | |a 603 | ||
| 901 | |a 596658-10 |b IT2 |c LRA |i C |u 20250526 | ||
| 901 | |a 596658-20 |b IT2 |c LRA |i C |u 20250526 | ||
| 902 | |a https://opac.biblio.iteso.mx/vufind/Record/000596658 | ||